00985naa a22002417a 4500001001000000003000900010005001700019007000300036008003400039040005400073041000900127072001500136100001700151111009700168245011000265260003400375500012700409650001300536650002400549650002600573650002000599773012400619BR8104860BR-BrBNA20240918174804.0ta230509b bl.||||| |||| 00| 0 por d aBR-BrBNAbporcBiblioteca Nacional de Agricultura a(Pt) aE30b/G5141 aAragao, O.P.1 a3. Encontro Nacional de Pesquisa sobre Conservacao do SolocRecife, PE (Brazil)d28 Jul 19801 aDiretrizes para estabilizacao da agricultura de sequeiro [planejamento agricola, Regiao Nordeste, Brasil]3 aRecife, PE (Brasil): c1981.  aAnais do 3. Encontro Nacional de Pesquisa sobre Conservacao do Solo Recife, PE (Brasil): 1981. p. 34-48 (BR8104860-AM)E30  aDIRETRIZ aCULTIVO DE SEQUEIRO aPLANEJAMENTO AGRICOLA aREGIAO NORDESTE0 tAnais do 3. Encontro Nacional de Pesquisa sobre Conservacao do SolowE30 BR8104860gRecife, PE (Brasil), 1981. p. 34-48